Quizzes
Events
Quiz Creation
Community
Videos
Private Events
Remove Ads
Sign In
Join for FREE
Feedback
Dark Mode
Quiz Categories
Sports
Geography
Music
Movies
Television
Just For Fun
Miscellaneous
History
Literature
Language
Science
Gaming
Entertainment
Religion
Holiday
For Kids
Quiz Lab
Recent
Popular Today
Quiz Kudos Today
Editor Picks
Curator Picks
Quizzes by...
Day
Popularity
Type
Ratings
Length
Year
Community
Subscriptions
Recent Discussions
Orange Saloon
Badges
Playlists
Quests
Create
Leaderboards
Showdown
Live 5
Trivia Bingo
Activity
Puzzle Library
Sporcle Events
Private Events
Virtual Trivia
Globe League
Become a Host
Pub Owners
SporcleCon
Opinionation
Our Games
Videos
Blog
Mobile Apps
Partnerships
Remove Ads and Go Orange
Feedback
Entertainment
Celebrity
Famous
Musical
Broadway
Show
Quote
Comic Books
Anime
Superhero
DC Comics
Marvel
Cartoons
Animation
Entertainment
Celebrity
Famous
Musical
Broadway
Show
Quote
Comic Books
Anime
Superhero
DC Comics
Marvel
Cartoons
Animation
Random Quiz
Search Sporcle
×
Quiz Lab
Quiz Lab
Entertainment
cat
Type in answers that appear in a list
Type in answers that appear in a list
Classic
Best Score? Go Orange.
Guess the Warriors cat name Stats
Can you name the Guess the Warriors cat name?
By
typhlosion1354
10m
14 Questions
265 Plays
265 Plays
265 Plays
Comments
Comments
Give Quiz Kudos
Give Quiz Kudos
-
- Ratings
hide this ad
Replay
Link that replays current quiz
Next Quiz
Link to next quiz in quiz playlist
You Got
0%
They Got
Avg Score
86%
Avg Friend Score
Upgrade to see
Score Distribution
Jump to the score distribution portion of the page
Score
0/14
Timer
10:00
0
Plays Today
Hint
Answer
% Correct
His pelt is Orange and he was a kittypet
Firestar
99.6%
He betrayed Thunderclan
Tigerstar
95.8%
He killed Tigerstar
Scourge
93.5%
She died giving birth
Silverstream
92%
Bluestars mate
Oakheart
90.9%
She was Firestars mate
Sandstorm
90.9%
He is Thunderclans medicine cat
Jayfeather
89%
Hint
Answer
% Correct
Firestars sister
Princess
88.6%
Riverclans leader before Leopardstar
Crookedstar
87.5%
Left Thunderclan because he felt threatened
Ravenpaw
86.7%
She was one of the four in the New prophecy
Feathertail
85.6%
She went with the chosen four
Squirrelflight
84.8%
He was deputy before Tallstar died
Mudclaw
80.2%
Last surviving kit of Ferncloud
Birchkit
50.6%
Quiz Playlist
Details
Report
Send in Message
Add To Playlist
Classic:
Type in answers that appear in a list
Last Updated: Feb 16, 2017
Quiz Scoreboard
CHALLENGE
Sign Up to Join the Scoreboard
Show All
Scores
Hide
Comments
May contain spoilers
Recently Published
An Introduction to Baseball
by treessimontrees
Sports
5m
Movies - When Are They Set?
by FPL_Elf
Movies
5m
Popular People in 1961
by mucciniale
History
6m
More to Explore
Quiz From the Vault
Featured Blog Post
Where Did the Easter Bunny Come From?
hide this ad
You Might Also Like...
Tags
cat
Warrior
Today's Top Quizzes in Entertainment
Browse Entertainment
hide this ad
Today's Top Quizzes in cat
Browse cat
Top Contributed Quizzes in Entertainment
1
Kamen Rider Motifs
2
7-to-1: DC Comics Villains
3
Dragon Ball Z: Goku's Fights in Order
4
Dragon Ball Z: Mega Character Search
5
Marvel Characters Bunker
6
Criteria Quickie: Cartoon Taxonomy II
7
Fictional Villains Letter U Blitz
8
Sorting Pictures: Villains
9
One Thing in Common: Fictional Characters
10
Eurovision 2023 Logic Puzzle
Explore More
Trending Topics
Marvel
Crossword
Anime
Kpop
Harry Potter
NBA
Disney
Soccer
WWE
Country
Puzzle
Pokémon
Song
NFL
The Office
hide this ad
More By:
typhlosion1354
Quiz
Plays
Rating
Category
Featured
Created
Guess the Warriors cat name
265
2.00
Entertainment
May 6, 2016
Go to Creator's Profile
Score Distribution
Quiz Creator Spotlight
typhlosion1354
Follow
Send a Message
Quizzes Created
-
Created Quiz Play Count
-
More By This Creator
Popular Quizzes Today
1
Find the Countries of Europe - No Outlines Minefield
2
Find the US States - No Outlines Minefield
3
The Countries of the World
4
Popular People in 1961
5
Find the US States
6
US States
7
1-10 Letter E Words III
8
Risky Map Clicking: Biggest States A-Z
More Entertainment Quizzes
Joss Whedon Characters
Published
Trending Quizzes
Risky Map Clicking: Least Populous States A-Z
1-10 Letter F Words
1-10 Letter G Words
Not Quite an Element Typing Challenge
One Thing in Common: United Kingdom
Recently Updated
Leaping Animals
pecheneg
Reality TV Shows (A-Z)
bhenderson79
Rickey Henderson's Hall of Fame Teammates
pecheneg
Champions League XIs: Arsenal
pecheneg
Quick Pick: Celebrities in WWE's Hall of Fame
aduchscher
A-Z Keypad Blitz II
pecheneg
Multiple Oscar Actors
pecheneg
Mystery Phrase Blitz: Oscar 'Best Actors'
pecheneg
F. Scott Fitzgerald Novels
LTH
Pick 3 Villains
ddd62291
Trending Topics
Anime
NBA
Kpop
Marvel
Crossword
Harry Potter
Disney
NFL
Song
Soccer
Puzzle
The Office
Country
Pokémon
WWE
Your Account Isn't Verified!
In order to create a playlist on Sporcle, you need to verify the email address you used during registration. Go to your
Sporcle Settings
to finish the process.
Report this User
Report this user for behavior that violates our
Community Guidelines
.
Details:
Send Report
Go to the Sporcle.com Mobile Site →
Comments